Pravda soldatskih dnevnikov i voennaâ propaganda v Vengrii v 1942-1943 gg.

Elmentve itt :
Bibliográfiai részletek
Szerző: Pihurik Judit
Dokumentumtípus: Cikk
Megjelent: 2004
Sorozat:Chronica 4
Kulcsszavak:Világháború - 2. - Magyarország - forrás, Világháború - 2. - keleti front - visszaemlékezés
Tárgyszavak:
Online Access:http://acta.bibl.u-szeged.hu/5783
LEADER 00782nab a2200205 i 4500
001 acta5783
005 20251003142124.0
008 161015s2004 hu o 000 rus d
022 |a 1588-2039 
040 |a SZTE Egyetemi Kiadványok Repozitórium  |b hun 
041 |a rus 
100 1 |a Pihurik Judit 
245 1 0 |a Pravda soldatskih dnevnikov i voennaâ propaganda v Vengrii v 1942-1943 gg.  |h [elektronikus dokumentum] /  |c  Pihurik Judit 
260 |c 2004 
300 |a 88-98 
490 0 |a Chronica  |v 4 
650 4 |a Bölcsészettudományok 
650 4 |a Történettudomány és régészet 
695 |a Világháború - 2. - Magyarország - forrás, Világháború - 2. - keleti front - visszaemlékezés 
856 4 0 |u http://acta.bibl.u-szeged.hu/5783/1/chronica_004_088-098.pdf  |z Dokumentum-elérés